All Reverse: 1999 Gacha Characters Quiz (Global) - Statistics

General Stats
  • This quiz has been taken 63 times
    6 since last reset
  • The average score is 88 of 122
Answer Stats
Afflatus Rarity Release Date Character % Correct
Star 6* 1.4 37
100%
Intellect 6* 1.4 6
100%
Spirit 6* 1.0 A Knight
100%
Star 3* 1.0 AliEn T
100%
Intellect 6* 3.2 Beryl
100%
Plant 5* 1.0 Bkornblume
100%
Beast 6* 3.2 Brume
100%
Plant 5* 2.8 Buddy Fairchild
100%
Beast 6* 1.0 Centurion
100%
Intellect 6* 3.1 Corvus
100%
Plant 5* 1.1 Diggers
100%
Intellect 2* 1.0 Door
100%
Plant 6* 1.0 Druvis III
100%
Beast 6* 2.0 J
100%
Mineral 6* 1.6 Jiu Niangzi
100%
Beast 6* 1.1 Melania
100%
Spirit 2* 1.0 Ms. Radio
100%
Mineral 6* 3.1 Rubuska
100%
Beast 6* 1.3 Shamane
100%
Plant 6* 1.0 Sotheby
100%
Star 6* 1.2 Tooth Fairy
100%
Star 4* 1.0 TTT
100%
Intellect 6* 2.6 Aleph
80%
Plant 6* 1.0 An-An Lee
80%
Beast 6* 2.2 Anjo Nala
80%
Plant 6* 2.1 Argus
80%
Plant 5* 1.8 Avgust
80%
Spirit 5* 2.1 Barbara
80%
Star 6* 2.4 Barcarola
80%
Star 5* 1.2 Blonney
80%
Spirit 6* 3.0 Charon
80%
Star 6* 3.4 Cheng Heguang
80%
Plant 4* 1.0 Eagle
80%
Star 6* AC Collab Ezio Auditore
80%
Mineral 6* 2.4 Fatutu
80%
Beast 6* 1.6 Getian
80%
Plant 6* 2.7 Hissabeth
80%
Spirit 6* 1.7 Isolde
80%
Intellect 3* 1.0 John Titor
80%
Mineral 6* 1.3 Kaalaa Baunaa
80%
Plant 6* 1.9 Kakania
80%
Plant 5* 1.3 Kanjira
80%
Mineral 6* AC Collab Kassandra
80%
Star 6* 2.7 Kiperina
80%
Beast 3* 1.0 Leilani
80%
Beast 6* 2.2 Lopera
80%
Star 5* 1.9 Lorelei
80%
Intellect 6* 3.5 Lorentz Butterfly
80%
Intellect 6* 1.9 Lucy
80%
Plant 6* 1.7 Marcus
80%
Beast 6* 3.3 Marsha
80%
Star 5* 1.0 Matilda
80%
Beast 6* 1.0 Medicine Pocket
80%
Spirit 6* 2.0 Mercuria
80%
Beast 5* 2.2 Mr. Duncan
80%
Mineral 4* 1.0 Ms. Moissan
80%
Mineral 5* 2.7 Name Day
80%
Spirit 6* 2.8 Nautika
80%
Plant 6* 3.4 Paper Heron
80%
Mineral 6* 1.1 Pickles
80%
Spirit 3* 2.0 Pioneer
80%
Plant 4* 3.4 Reed
80%
Star 6* 1.0 Regulus
80%
Mineral 6* 1.9 Semmelweis
80%
Mineral 6* 3.0 Sentinel
80%
Mineral 5* 1.0 Sonetto
80%
Beast 5* 1.0 Tennant
80%
Spirit 6* 2.1 Tuesday
80%
Intellect 6* 2.8 Ulrich
80%
Plant 6* 1.8 Vila
80%
Star 6* 1.0 Voyager
80%
Plant 6* 2.3 Willow
80%
Star 6* 1.8 Windsong
80%
Intellect 5* 1.0 X
80%
Beast 5* AC Collab Alexios
60%
Mineral 5* 1.0 Balloon Party
60%
Mineral 3* 1.0 Bette
60%
Star 5* 1.0 Charlie
60%
Beast 3* 1.0 Darley Clatter
60%
Mineral 6* 1.0 Eternity
60%
Star 6* 1.5 Ezra
60%
Star 6* 2.3 Flutterpage
60%
Mineral 5* 1.2 Horrorpedia
60%
Beast 6* 3.3 Igor
60%
Plant 6* 1.2 Jessica
60%
Star 6* 2.5 Liang Yue
60%
Beast 6* 2.8 Moldir
60%
Mineral 6* 1.0 Ms. Newbabel
60%
Mineral 5* 1.0 Necrologist
60%
Beast 4* 1.0 Nick Bottom
60%
Star 4* 1.0 Oliver Fog
60%
Mineral 3* 1.0 ONiON
60%
Beast 4* 1.0 Pavia
60%
Spirit 4* 1.0 Poltergeist
60%
Plant 6* 3.5 Ramona
60%
Mineral 6* 2.6 Recoleta
60%
Plant 5* 1.0 Satsuki
60%
Beast 6* 1.5 Spathodea
60%
Star 3* 1.0 Sputnik
60%
Beast 5* 1.0 Sweetheart
60%
Intellect 4* 2.2 White Rum
60%
Star 5* 1.6 Yenisei
60%
Plant 4* 1.0 Зима
40%
Star 4* 1.0 APPLe
40%
Star 5* 1.0 Baby Blue
40%
Mineral 5* 2.3 Brimley
40%
Beast 4* 1.0 Bunny Bunny
40%
Spirit 5* 1.0 Click
40%
Mineral 4* 1.0 Cristallo
40%
Beast 5* 1.5 Desert Flannel
40%
Beast 5* 1.0 Dikke
40%
Plant 3* 1.0 La Source
40%
Star 6* 1.0 Lilya
40%
Plant 5* 2.5 Loggerhead
40%
Intellect 4* 1.0 Mesmer Jr.
40%
Mineral 4* 1.0 Mondlicht
40%
Plant 6* 2.5 Noire
40%
Plant 4* 1.0 Rabies
40%
Star 3* 1.0 The Fool
40%
Spirit 3* 1.0 Twins Sleep
40%
Mineral 5* 1.5 Ulu
40%
Star 4* 1.0 Erick
20%
No matching quizzes found
Score Distribution
Percent of People with Each Score
Percentile by Number Answered
Your Score History
You have not taken this quiz since the last reset